000 00764nam a22002177a 4500
999 _c5829
_d5829
003 AR-CdUCM
008 190313b ||||| |||| 00| 0 spa d
040 _aMUNICIPALIDAD PROVINCIAL DEL CUSCO
_cBIBLIOTECA MUNICIPAL DEL CUSCO
041 _hru
082 _a914.7 /
_bM56
100 _aMijailov, Nicolai
_917263
245 _aPanorama de la U.R.S.S. :
_bBreve Ensayo Geográfico y Económico /
260 _aMoscú :
_c1960.
300 _a200 páginas ;
_c23 cm.
_bIlustraciones,
505 _aContenido: Geografía Física -- Geografía Económica -- Repúblicas Federadas -- Modo de Vida.
650 _aGeografía Física
_97620
650 _aRepúblicas Federadas
_917264
650 _aURSS Potencia Mundial
_917265
942 _2ddc
_cLIBROS
945 _aAndy